000 00887nam a2200253Ia 4500
003 OSt
005 20220923223409.0
006 a|||||r|||| 00| 0
007 ta
008 220922b |||||||| |||| 00| 0 hin d
024 _a214,772
037 _cTextual
040 _aARTS
_cARTS
_bhin
041 _2hin
_ahin
082 _aO152,3N10:g, K7
100 _aअश्क, उपेन्द्र नाथ
_9157432
245 0 _aहिन्दी कहानी
_b एक अन्तरंग परिचय
246 _aHindī kahānī: ek antaranga parichaya
260 _aइलाहाबाद
_b नीलाभ प्रका0
_c1967
300 _a399 पृ.
_ccm.
650 _aहिन्दी साहित्य
_9156264
942 _hO152,3N10:g, K7
_cTEXL
_2CC
999 _c364686
_d364686